000 00595nam a2200193Ia 4500
003 GCL
008 140319s9999 xx 000 0 ara d
040 _aGCL /
_cGCL
082 0 4 _a813.03
_bج ا
100 1 _aجمال الغيطانى
245 1 0 _aالرفاعى /
_cجمال الغيطانى
260 _a[S.N] :
_bالهيئة المصرية العامة للكتاب ،
_c1991
300 _a63
490 _aسلسلة الاعمال القصصية
_v0
650 0 4 _aالادب العربى
650 0 4 _aالقصص العربية
650 0 4 _aالمجموعات
942 _2ddc
_cBK
999 _c30883
_d30883